000 01372nam a2200229Ia 4500
003 Ost
005 20260507074908.0
008 260507s9999||||xx |||||||||||||| ||und||
040 _cfsecg
041 _aara
082 _a350
100 _aالقريوتي، موسى قاسم
_eمؤلف
245 0 _aأساسيات الإدارة الحديثة /
_c موسى قاسم القريوتي
250 _aطبعة 3 (مزيدة ومنقحة)
260 _aعمان:
_bدار تسنيم للنشر والتوزيع,
_c2006
300 _a302 صفحة؛
_bإيضاحات ؛
_c24 سم
504 _aببليوغرافيا: ص.297
520 _aمدخل الى علم الإدارة، الفكر الإداري المعاصر، التخطيط، اتخاذ القرارات الإدارية وحل المشكلات، التنظيم، السلطة والمسؤولية، التوجه والقيادة، ، الرقابة، الخدمات الإلكترونية في العمل الإداري والأساليب المستخدمة في الخدمات الإلكترونية، الحكومة الإلكترونية في الأردن، التطور المستقبلي للمماراسات والمبادئ الإدارية، إدارة التغيير
653 _aالإدارة العامة
700 _aمبارك، علي خضر
_eمؤلف ثانوي
942 _cكتاب
999 _c41714
_d41714